Normal view MARC view

Entry Personal Name

Number of records used in: 1

001 - CONTROL NUMBER

  • control field: 9029

003 - CONTROL NUMBER IDENTIFIER

  • control field: DLC

005 - DATE AND TIME OF LATEST TRANSACTION

  • control field: 20220524144246.0

008 - FIXED-LENGTH DATA ELEMENTS

  • fixed length control field: 790413n| azannaabn |n aaa

010 ## - LIBRARY OF CONGRESS CONTROL NUMBER

  • LC control number: n 79021667

035 ## - SYSTEM CONTROL NUMBER

  • System control number: (OCoLC)oca00255465

040 ## - CATALOGING SOURCE

  • Original cataloging agency: DLC
  • Language of cataloging: eng
  • Description conventions: rda
  • Transcribing agency: DLC
  • Modifying agency: DLC
  • Modifying agency: OCoLC
  • Modifying agency: DLC

100 1# - HEADING--PERSONAL NAME

  • Personal name: Baum, Andrew

670 ## - SOURCE DATA FOUND

  • Source citation: His Architecture and social behavior, 1977.

670 ## - SOURCE DATA FOUND

  • Source citation: Gatchel, R.J. An introduction to health psychology, c1983:
  • Information found: CIP t.p. (Andrew Baum)

670 ## - SOURCE DATA FOUND

  • Source citation: Phone call to author, 10/12/82
  • Information found: (Andrew Baum; b. 10/3/48)

670 ## - SOURCE DATA FOUND

  • Source citation: The Aging dimension, 1987:
  • Information found: CIP t.p. (Andrew S. Baum)

670 ## - SOURCE DATA FOUND

  • Source citation: Washington post WWW site, Dec. 17, 2010
  • Information found: (in obituary dated Dec. 14, 2010: Andrew Baum; d. Nov. 22 [2010], Keller, Tex., at 62; psychology prof. at Univ. of Tex. at Arlington and dir. of its Biosciences and Bioengineering Center)

670 ## - SOURCE DATA FOUND

  • Source citation: Information from 678 converted Dec. 19, 2014
  • Information found: (Trinity College)

Powered by Koha